000 01562nam0a2200337 4500
001 RU\NLR\bibl\1362787
005 20260405175731.0
010 _a978-5-7809-0127-3
_91000
021 _aRU
_b2009-16620
_9983
035 _a(nilc)RSL-KNO-004259167
035 _a(NLR Aleph) 001354952
090 _a944689
_c944689
100 _a20090311d2009 |||y0rusy50 ca
101 0 _arus
102 _aRU
105 _ay |||||||||
200 1 _aЗеркальные шары
_eстихи
_fЕлизавета Емельянова-Сенчина
210 _aМосква
_cЛитературная Россия
_d2009
215 _a61, [2] с.
_d20
327 1 _aСодерж.: циклы: Я - утро; Привычка к счастливой жизни; Многоголосая бездна
610 0 _aФилологические науки. Художественная литература -- Российская Федерация -- Русская литература -- с сер. 50-х гг. 20 в. -- Произведения художественной литературы -- Поэзия -- Сборники одного автора
686 _aШ5(2=Р)75-65я44
_2rubbk
686 _aШ6(2=Р)75-5
700 1 _4070
_8rus
_7ca
_aЕмельянова-Сенчина
_bЕ. А.
_f1964-
_gЕлизавета Анатольевна
_3RU\NLR\auth\7776745
_959673
801 0 _aRU
_bРКП
_c20090311
_grcr
801 1 _aRU
_bРГБ
_c20090311
801 2 _aRU
_bNLR
_c20090429
_grcr
942 _cBOOK
980 _aNB